00437nam a22001457a 4500041001200000082001500012100001800027245004600045260002800091300000800119650002500127942000700152952011500159999001700274 aEnglish a261.72 ROB aRobertson, S. aFreedom of Religion: A Human Rights Issue aBangalorebBTESSCc2007 a276 aFreedom of religions cBK 00104070aHMIbHMIcGENd2018-04-27g200.00l2m1o261.72 ROBp24877r2022-04-18s2022-02-11w2018-04-27yBK c20954d20954